Seminario : La bestia y el soberano : (Record no. 168694)
[ view plain ]
| 000 -LEADER | |
|---|---|
| fixed length control field | 00711nam a22002177a 4500 |
| 005 - DATE AND TIME OF LATEST TRANSACTION | |
| control field | 20231023121619.0 |
| 008 - FIXED-LENGTH DATA ELEMENTS--GENERAL INFORMATION | |
| fixed length control field | 231023b ag|||||||| |||| 00| 0 spa d |
| 020 ## - INTERNATIONAL STANDARD BOOK NUMBER | |
| International Standard Book Number | 9789875001497 |
| 050 04 - LIBRARY OF CONGRESS CALL NUMBER | |
| Classification number | B2430.D47 |
| Item number | S36 2011 |
| 100 1# - MAIN ENTRY--PERSONAL NAME | |
| Personal name | Derrida, Jacques, |
| 240 ## - UNIFORM TITLE | |
| Uniform title | Séminaire La bête et le souverain. |
| 245 10 - TITLE STATEMENT | |
| Title | Seminario : La bestia y el soberano : |
| Statement of responsibility, etc | Derrida, Jacques ; edición Michel Lisse, Marie Mallet y Ginette Michaud |
| 250 ## - EDITION STATEMENT | |
| Edition statement | 1a ed. |
| 260 ## - PUBLICATION, DISTRIBUTION, ETC. (IMPRINT) | |
| Place of publication, distribution, etc | Buenos Aires : |
| Name of publisher, distributor, etc | Manantial, |
| Date of publication, distribution, etc | 2011 |
| 300 ## - PHYSICAL DESCRIPTION | |
| Extent | 356 p. ; |
| Dimensions | 23 cm. |
| 504 ## - BIBLIOGRAPHY, ETC. NOTE | |
| Bibliography, etc | Incluye índice |
| 505 ## - FORMATTED CONTENTS NOTE | |
| Title | V. 2. (2002 - 2003) / |
| 650 #4 - SUBJECT ADDED ENTRY--TOPICAL TERM | |
| Topical term or geographic name as entry element | Filosofía contemporánea |
| 700 1# - ADDED ENTRY--PERSONAL NAME | |
| Personal name | Lisse, Michel, |
| Relator term | editor |
| 942 ## - ADDED ENTRY ELEMENTS (KOHA) | |
| Source of classification or shelving scheme | Biblioteca del Cogreso de los Estados Unidos |
| Koha item type | Libro |
| Estado de pérdida | Fuente de clasificación | Estado del daño | No para préstamo | Ubicación permanente | Ubicación actual | Apartado o colección | Fecha de adquisición | Fuente de adquisición | Edición | Dependencia de educación superior (DES) | Área del conocimiento | Total Checkouts | Clasificación | Código de Barras | Date last seen | Número de copia | Costo por reposición | Tipo de recurso |
|---|---|---|---|---|---|---|---|---|---|---|---|---|---|---|---|---|---|---|
| Biblioteca del Cogreso de los Estados Unidos | Biblioteca de la Facultad de Filosofía | Biblioteca de la Facultad de Filosofía | General | 23/10/2023 | Donación | 1a ed. | Humanidades | Educación y Humanidades | B2430.D47 S36 2011 | BFF000040409 | 23/10/2023 | C:1 | 1.00 | Libro |